Sudden Death - Nachbarländer Tschechiens - Statistiken

Allgemein
  • Dieses Quiz wurde 53 mal gespielt
  • Das Durchschnittsergebnis liegt bei 4 aus 6
Answers on the Grid
Answers color-coded by a green-red scale on the quiz's grid according to % correct below.
Tschechien🇨🇿
Tschechien🇨🇿
Deutschland🇩🇪
Polen🇵🇱
Slowakei🇸🇰
Österreich🇦🇹
Ungarn🇭🇺
Schweiz🇨🇭
Litauen🇱🇹
Russland🇷🇺
Belarus🇧🇾
Slowenien🇸🇮
Kroatien🇭🇷
Rumänien🇷🇴
Serbien🇷🇸
Ukraine🇺🇦
Italien🇮🇹
Niederlande🇳🇱
Frankreich🇫🇷
Moldau🇲🇩
 
Antwortstatistiken
Antwort % Korrekt
Deutschland🇩🇪
85%
Polen🇵🇱
69%
Österreich🇦🇹
67%
Tschechien🇨🇿
67%
Slowakei🇸🇰
64%
Tschechien🇨🇿
62%
Keine übereinstimmenden Quizze gefunden
Verteilung der Resultate
Anzahl Personen mit jedem Resultat
Perzentil nach korrekt beantworteten Fragen
Ihre Resultats-Entwicklung
Sie haben dieses Quiz noch nicht gespielt